Research Methodology (Record no. 3670)

MARC details
000 -LEADER
fixed length control field 00389nam a22001697a 4500
005 - DATE AND TIME OF LATEST TRANSACTION
control field 20180220155704.0
008 - FIXED-LENGTH DATA ELEMENTS--GENERAL INFORMATION
fixed length control field 160623b xxu||||| |||| 00| 0 eng d
020 ## - INTERNATIONAL STANDARD BOOK NUMBER
ISBN 81-7328-036-3
041 ## - LANGUAGE CODE
Language code of text/sound track or separate title eng
082 ## - DEWEY DECIMAL CLASSIFICATION NUMBER
Item number 9097
Classification number 001.42
100 ## - MAIN ENTRY--AUTHOR NAME
Personal name KOTHARI, C R
245 ## - TITLE STATEMENT
Title Research Methodology
260 ## - PUBLICATION, DISTRIBUTION, ETC. (IMPRINT)
Name of publisher Wishwa Prakasan
300 ## - PHYSICAL DESCRIPTION
Number of Pages 453
650 ## - SUBJECT ADDED ENTRY--TOPICAL TERM
Topical Term Management
942 ## - ADDED ENTRY ELEMENTS (KOHA)
Koha item type Books
Holdings
Lost status Damaged status Collection code Home library Current library Shelving location Date acquired Full call number Accession Number Koha item type
    MANAGEMENT JRU Library JRU Library   23/06/2016 001.42 9097 Books
    MANAGEMENT JRU Library JRU Library   23/06/2016 001.42 9098 Books
      JRU Library   SHELF- 8- B 23/06/2016 001.42 9099 Books